=LDR 00000nam 2200000 4500 =001 INLIS000000000025908 =005 20130612124401 =008 ***********************************Ind** =035 ##$$0010-061300000025908 =041 ##$$a Ind =082 ##$$a 321.6 =090 ##$$a 321.6, Are a =100 ##$$a Arendt, Hannah =245 ##$$a Asal-usul totalitarisme, Hannah Arendt =260 ##$$a 1995 $b Jakarta =300 ##$$a ...Jild, 21 cm =650 ##$$a Totalitarisme =850 ##$$a NBPNMAT